000 00549nam a2200193Ia 4500
003 GCL
008 140319s9999 xx 000 0 ara d
040 _aGCL /
_cGCL
082 0 4 _a823
_bف ب
100 1 _aحسن صبحى
245 1 0 _aالباصرة الاولى /
_cحسن صبحى
700 1 _aفرانك، موريس
700 1 _aكلارك ، بلاك
300 _a208
490 _aالالف كتاب
_v0
650 0 4 _aالقصص الانجليزية المترجمة
650 0 4 _aالادب الانجليزى
942 _2ddc
_cBK
999 _c42937
_d42937